00302nam a2200133Ia 4500003000900000008004100009040001300050040001300063100002300076245003800099260001700137300000800154490000600162IT-RoPAU120407s9999 xx 000 0 und d aIT-RoPAU cIT-RoPAU aRaimondo Marchioro aLa purezza per il regno dei cieli aCasa Mariana c cm v1